|
|
|
|
| LEADER |
00000cam a2200000 a 4500 |
| 001 |
UCD3846 |
| 003 |
CL-VaPUC |
| 008 |
160616e20130000uk |||||||||||||||||eng|d |
| 020 |
|
|
|a 9781446200742
|
| 020 |
|
|
|a 9781446200759
|
| 082 |
0 |
4 |
|a 910.021
|b MON
|2 21
|
| 100 |
|
|
|a Montello, Daniel R.
|e autor
|9 587454
|
| 700 |
0 |
|
|a Sutton, Paul C
|e author
|9 587455
|
| 245 |
1 |
3 |
|a An introduction to scientific research methods in geography and environmental studies
|
| 250 |
|
|
|a 2a. ed
|
| 300 |
|
|
|a 314 p
|
| 942 |
|
|
|c BK
|
| 945 |
|
|
|d 20160616 22:39:00
|a arojas
|
| 260 |
|
|
|a Londres
|b Sage
|c 2013
|
| 650 |
|
0 |
|a Geografía
|9 259346
|
| 650 |
|
7 |
|a CIENCIAS AMBIENTALES
|2 CL-VaPUC
|9 344897
|
| 650 |
|
0 |
|a Métodos de investigación
|9 262618
|
| 650 |
|
7 |
|a INVESTIGACION GEOGRAFICA
|2 CL-VaPUC
|9 320863
|
| 583 |
|
|
|a last modification
|c 20160616 22:39:00
|k Rodrigo Vera
|
| 999 |
|
|
|c 364861
|d 364859
|
| 952 |
|
|
|0 0
|1 0
|3 erb
|4 0
|6 910_021000000000000_MON_2013
|7 0
|8 A
|9 478457
|a BIBING
|b BIBING
|i 5293286
|l 3
|m 1
|o 910.021 MON 2013
|p 5293286
|r 2025-01-20
|s 2024-01-29
|w 2019-11-24
|y BK
|z Catalogado en:20160616
|k GEO
|